Marvel Characters first name - Statistics

General Stats
  • This quiz has been taken 55 times
  • The average score is 12 of 25
Answer Stats
Hint Answer % Correct
Quill,Parker Peter
98%
Maximoff Wanda
80%
Strange Stephen
76%
Rogers Steven
73%
Odinson Thor
69%
Osborn Harry
63%
Maximoff Pietro
63%
Stark Anthony
61%
Xavier Charles
59%
Octavius Otto
59%
Rhodes,Barnes James
57%
Summers, Lang Scott
55%
Osborn Norman
51%
Pryde Kitty
43%
Blaze,Storm Johnny
41%
Eisenhart,dillon Max
39%
Toomes Adrian
37%
Drake Bobby
29%
Brock Edward
29%
Summers Nathan
27%
Cassidy Cletus
18%
Barton,Kinney Laura
18%
Summers Alex
16%
Conners Curtis
12%
Kassidy Sean
12%
No matching quizzes found
Score Distribution
Percent of People with Each Score
Percentile by Number Answered
Your Score History
You have not taken this quiz